000 01131nam a2200301 a 4500
001 000021800
005 20250924073802.0
008 100913s1987 dr b 000 0 spa d
040 _aDO-SdBNP
_bspa
_cBNPHU
082 _a917.293
_bC459g
100 1 _aChantada, Amparo
_99463
245 1 3 _aLa geografía en Santo Domingo /
_cAmparo Chantada.
260 _aSanto Domingo :
_bUASD,
_c1987.
300 _a388 p. :
_bmaps. ;
_c23 cm.
490 1 _aPublicaciones de la Universidad Autónoma de Santo Domingo
_v577
490 1 _aCiencia y sociedad
_v5
500 _aIncluye datos biográficos del autor en la contraportada
504 _aBibliografía : p. 385-388
650 4 _aGeográfos españoles
_xHistoria
_945281
650 4 _aGeografos latinoamericanos
_xHistoria
_945282
651 4 _aRepública Dominicana
_xGeografía
_95410
651 4 _aGeografía
_xHistoria
_945283
710 1 2 _aUniversidad Autónoma de Santo Domingo
_972951
830 _aPublicaciones de la Universidad Autónoma de Santo Domingo
_v577
_952
830 0 _aCiencia y sociedad
_n5
_945284
910 _aValidado. Control de calidad MFF
049 _aBNPD
999 _c21298
_d21298